000 00720cam a2200217 4500
001 ABS61677
008 000000n1999 000 0 eng u
035 _a(Sirsi) u103343
100 _aCrathorne, R.
245 _aGreenbelts prove a grey area
260 _c1999
490 _aProperty Week
_v 64(47) 3 December 1999, 36(1)
520 _aPoints out that a very small percentage of the public know what the green belt is, and suggests that all discussion on new housing should be postponed until this situation is changed.
590 _aABS
650 _aGREEN BELT
650 _aNEW HOUSING
650 _aHOUSING CRISIS
650 _aPUBLIC OPINION
690 _aPROPERTY-PROPERTY DEVELOPMENT
942 _n0
999 _c62109
_d62109